Autonomía colectiva y seguridad social : (un estudio sobre la contratación colectiva en materias de seguridad social y conexas) / por María Emilia Casas Baamonde (un estudio sobre la contratación colectiva en materias de seguridad social y conexas) / por María Emilia Casas Baamonde
Descripción Física:
928 p. : il., amb gràfiques ; 24 cm
MARC
| LEADER | 00000nam a2200000Ia 4500 | ||
|---|---|---|---|
| 001 | 889 | ||
| 008 | 160829s9999 xx 000 0 cat d | ||
| 080 | |a M-3-60 | ||
| 100 | |a Casas Baamonde, María Emilia |9 38812 | ||
| 245 | |a Autonomía colectiva y seguridad social : |b (un estudio sobre la contratación colectiva en materias de seguridad social y conexas) / por María Emilia Casas Baamonde | ||
| 260 | |a Madrid : |b Instituto de Estudios Fiscales, DL 1977 | ||
| 300 | |a 928 p. : |b il., amb gràfiques ; |c 24 cm | ||
| 650 | |a Seguretat social |9 38813 | ||
| 650 | |a Contractes de treball |9 38814 | ||
| 901 | |a Arxiu | ||
| 942 | |n 1 | ||
| 952 | |0 0 |1 0 |4 0 |6 M360 |7 1 |9 48616 |a Arxiu |b Arxiu |d 2016-12-01 |l 0 |o M-3-60 |p 889 |r 2016-12-01 00:00:00 |w 2016-12-01 |y ARXIU | ||
| 999 | |c 52446 |d 52446 | ||